| 000 | 00395 a2200121 4500 | ||
|---|---|---|---|
| 001 | ART_34200 | ||
| 005 | 20260410161708.0 | ||
| 008 | 260409a | ||
| 245 | 1 | 0 | _aLa desvinculación laboral y el régimen de retención del impuesto a las ganancias |
| 100 | 1 | _aDreiling, Paola E. | |
| 700 | 1 | _aRolando, Félix José | |
| 773 | 0 |
_tRevista Impuestos _g- Nº 1 (ene. 2006) _wREV639 |
|
| 999 |
_c15813 _d15813 |
||